Japanese finance : Markets and institutions

Na minha lista:
Detalhes bibliográficos
Autor principal: Bronte, Stephen
Formato: Livro
Idioma:Undetermined
Publicado em: London Euromony Publications 1982
Assuntos:
Tags: Adicionar Tag
Sem tags, seja o primeiro a adicionar uma tag!
Thư viện lưu trữ: Trung tâm Học liệu Trường Đại học Cần Thơ
LEADER 00482nam a2200181Ia 4500
001 CTU_78980
008 210402s9999 xx 000 0 und d
082 |a 332 
082 |b B869 
100 |a Bronte, Stephen 
245 0 |a Japanese finance : 
245 0 |b Markets and institutions 
245 0 |c Stephen Bronte 
260 |a London 
260 |b Euromony Publications 
260 |c 1982 
650 |a Financial economics 
980 |a Trung tâm Học liệu Trường Đại học Cần Thơ